| 000 | 00498nam a2200217Ia 4500 | ||
|---|---|---|---|
| 008 | 170918s9999 xx 000 0 und d | ||
| 020 | _a9780545348348 | ||
| 050 | _bM643pu 2011 | ||
| 100 | _aMiles, Ellen | ||
| 245 | 4 | _aThe puppy place : | |
| 245 | _bBandit / | ||
| 245 | _cby Ellen Miles. | ||
| 260 | _aNew York : | ||
| 260 | _bScholastic, | ||
| 260 | _c2011 | ||
| 300 | _a84 pages : | ||
| 300 | _billustrations ; | ||
| 300 | _c19cm. | ||
| 300 | _eThe puppy place. | ||
| 500 | _a720 | ||
| 999 |
_c344218 _d344218 |
||